| 000 | 01707nam a2200337Ia 4500 | ||
|---|---|---|---|
| 001 | ebr10246292 | ||
| 003 | CaPaEBR | ||
| 006 | m u | ||
| 007 | cr cn||||||||| | ||
| 008 | 081008s2007 dcua s 000 0 eng d | ||
| 010 | _z 2008300400 | ||
| 020 | _z0309112761 | ||
| 020 | _z9780309112765 | ||
| 040 |
_aCaPaEBR _cCaPaEBR |
||
| 035 | _a(OCoLC)560580804 | ||
| 050 | 1 | 4 |
_aTL798.M4 _bO78 2007eb |
| 245 | 0 | 0 |
_aOptions to ensure the climate record from the NPOESS and GOES-R spacecraft _h[electronic resource] : _ba workshop report / _cPanel on Operations to Ensure the Climate Record from the NPOESS and GOES-R Spacecraft, Space Studies Board, Division on Engineering and Physical Sciences, National Research Council of the National Academies. |
| 260 |
_aWashington : _bNational Academies Press, _c2007. |
||
| 300 |
_axii, 72 p. : _bill. |
||
| 533 |
_aElectronic reproduction. _bPalo Alto, Calif. : _cebrary, _d2009. _nAvailable via World Wide Web. _nAccess may be limited to ebrary affiliated libraries. |
||
| 610 | 2 | 0 | _aGOES (Meteorological satellite) |
| 610 | 2 | 0 | _aNational Polar-orbiting Operational Environmental Satellite System. |
| 650 | 0 | _aGeostationary satellites. | |
| 650 | 0 |
_aMeteorological satellites _zUnited States. |
|
| 655 | 7 |
_aElectronic books. _2local |
|
| 710 | 2 | _aNational Academies Press (U.S.) | |
| 710 | 2 |
_aNational Research Council (U.S.). _bPanel on Operations to Ensure the Climate Record from the NPOESS and GOES-R Spacecraft. |
|
| 710 | 2 |
_aNational Research Council (U.S.). _bSpace Studies Board. |
|
| 710 | 2 | _aebrary, Inc. | |
| 856 | 4 | 0 |
_uhttp://site.ebrary.com/lib/rucke/Doc?id=10246292 _zAn electronic book accessible through the World Wide Web; click to view |
| 999 |
_c36164 _d36164 |
||